000 00782nam a22002177a 4500
999 _c4455
_d4455
003 AR-CdUCM
008 190308b ||||| |||| 00| 0 spa d
040 _aMUNICIPALIDAD PROVINCIAL DEL CUSCO
_cBIBLIOTECA MUNICIPAL DEL CUSCO
082 _a978.083 /
_bC29
100 _aCastro, Fidel
_914014
245 _aDiscurso XXX aniversario del asalto al cuartel Moncada :
_bSantiago de cuba, 26 de julio de 1983 /
260 _aCuba :
_bEditora Política,
_c1983.
300 _a18 páginas ;
_c17 cm.
500 _aDonación de la familia de Luis Nieto
505 _aContenido: Discurso de Fidel Castro por el XXX aniversario del asalto al cuartel Moncada
650 _aRevolución
_9844
650 _aCastro
_914015
650 _aMoncada
_914016
942 _2ddc
_cLIBROS
945 _adavv